000 00762nam a2200217 a 4500
001 000015738
005 20240412074244.0
008 100217s1969 dr 001 m spa d
040 _aDO-SdBNP
_bspa
_cBNPHU
082 _aRD868.408
_bQ86a
100 1 _aQuirós, Emilio J.
_935406
245 1 0 _aAntología dominicana :
_bselección de obras correspondientes al curso de literatura /
_cEmilio J. Quirós.
260 _aSanto Domingo :
_bDe la Salle,
_c1969.
300 _a142 p. ;
_c23 cm.
650 4 _aProsa dominicana
_xColecciones
_913121
650 4 _aPoesía dominicana
_xColecciones
_9351
650 0 _aLiteratura dominicana.
_967
650 4 _aAutores dominicanos
_xHistoria y crítica
_922117
910 _aValidado. Control de calidad EMS
049 _aBNPD
999 _c15288
_d15288